000 00786nam a22002297a 4500
999 _c6699
_d6699
001 6699
003 BD-JhCC
005 20210819134021.0
008 171018s2013 bg a|||| ||a| 001 0 ben d
035 _a(BD-JhCC)6699
040 _aBD-JhCC
_dBD-JhCC
041 _aben
082 _a570
_bRAH 2013
100 _aরহমান, মো: আজিজুর
245 _aজীব বিজ্ঞান প্রথম পত্র : একাদশ-দ্বাদশ শ্রেণী /
_cমো: আজিজুর রহমান; দেবাশীষ রায়
260 _aঢাকা
_c2013.
_bঅক্ষরপত্র,
300 _a297 p. :
_c24 cm.
650 _aBiology
700 _aরায়, দেবাশীষ
942 _2ddc
_cBK
_01